| 000 | 00690nam a2200205Ia 4500 | ||
|---|---|---|---|
| 008 | 191130s1992##################000#0#eng## | ||
| 020 | _a9780452011182 | ||
| 022 | _a91044933 | ||
| 040 |
_aACL _cACL |
||
| 082 | _a302.23 BIE | ||
| 100 | _aBiedermann, Hans | ||
| 245 |
_aDictionary of symbolism _cHans Biedermann ; translated by James Hulbert |
||
| 260 |
_aNew York _bFacts on File _cc1992 |
||
| 300 | _ax, 465 p. : ill. ; 26 cm | ||
| 500 | _aTranslation of: Knaurs Lexicon der Symbole. Includes bibliographical references (p. 397-400) and indexes | ||
| 650 | _aSigns and symbols - Dictionaries | ||
| 990 | _aae63b6c8ac10000c19a339bcd8b8d569 | ||
| 991 | _a221650 | ||
| 999 |
_c149572 _d149572 |
||